01432cam a22003495a 4500003000900000005001700009008004100026020001500067020001800082040004300100041001300143082002100156100004700177245012800224264006000352300002500412336002600437337002800463338002700491490002900518500005200547546005600599586003700655650007000692651005200762653002300814655003300837700004100870942001200911999001700923952014200940EG-ScBUE20220314131334.0110531s2009 ua f 00 ffeeng d a9774162919 a9789774162916 aEG-ScBUEbengerdacEG-ScBUEdEG-ScBUE1 aenghara04a892.736bMAH2221 aMahfuz, Najib,d1911-2006,eauthor.9240931 aBefore the throne : bdialogs with Egypt's great from menes to Anwar Sadat /cNaguib Mahfouz ; translated by Raymond Stock. 1aCairo :bThe American University in Cairo Press,c2009. a164 pages ; c21 cm. 2rdacontentatextbtxt 2rdamediaaunmediatedbn 2rdacarrieravolumebnc0 aModern Arabic literature aFirst Published in Arabic: 1983, Amam al-'arsh. aText in English ; translated from original Arabic.  aNobel prize for literature, 1988 72BUEshaKings and rulersxTranslations into EnglishzEgypt.940179 7921866aEgyptxKings and rulersvFiction.2BUEsh bARALITcAugust2015 aArabic fictionvReading book1 91516aStock, Raymond T,etranslator. 2ddccBB c15485d15485 00102ddc40708BaccahaMAINbMAINc2NDd2011-05-31epurchaseg80.00h12339o892.736 MAHp000023812r2025-07-15 00:00:00w2011-05-31yBB